| 000 | 00761nam a2200253Ia 4500 | ||
|---|---|---|---|
| 001 | Z_5358 | ||
| 003 | CHAP | ||
| 008 | 220113s1995 xx 000 0 und d | ||
| 010 | _a168425 | ||
| 040 | _cCHAP | ||
| 090 | _aFolleto 714 | ||
| 100 | 1 |
_aCervantes Escoto, Fernando _921557 |
|
| 245 |
_aFactores que afectan el anestro postparto en bovinos / _cFernando Cervantes Escoto |
||
| 260 |
_aBermejillo, Dgo. : _bUniversidad Autóno Chapingo - Unidad Regional de Zonas Aridas, _c1995 |
||
| 300 | _a32 p. | ||
| 610 |
_aUniversidad Autóno Chapingo. Unidad Regional de Zonas Aridas _9142740 |
||
| 650 |
_aReproducción animalCiclo estrual _9142741 |
||
| 901 | _aFOLLETO 714 | ||
| 902 | _aA | ||
| 910 | _a1995 | ||
| 942 | _c1 | ||
| 942 | _cc1 | ||
| 999 |
_c168425 _d168425 |
||